000 01361nam a2200241 4500
001 113975
003 DR-UNIBE
005 20250729150022.0
008 250729b2010 ck ||||| |||| 00| 0 spa d
020 _a 9789586764902
040 _aBIBLIOTECA UNIBE
_bspa
_cBIBLIOTECA UNIBE
_erda
041 _aspa
082 _222
_a342.86 R39d
100 1 0 _aRey Cantor, Ernesto,
_d1952-
_9197967
245 1 3 _a El derecho procesal constitucional : un nuevo concepto /
_cErnesto Rey Cantor
250 _aPrimera edición
260 _a Bogotá :
_bEdiciones Doctrina y Ley,
_c2010
300 _a163 páginas :
_c16 x 11 cm
505 _a1. Un nuevo concepto | A. Normas jurídicas contenidas en la constitución política | B. Normas jurídicas contenidas en la Ley | C. Principios y valores en la constitución política | D. Procesos constitucionales | E. Cualesquiera que sean órganos | F. Encargados de preservar la supremacía de la constitución política y la protección procesal de los derechos humanos | G. Con justicia y con efectividad | 2. Las acciones constitucionales como recursos de jurisdicción interna que deberán agotarse para acceder a las jurisdicción internacional de derechos humanos | Bibliografía
650 7 _2lemb
_aDerecho constitucional
_zColombia
_9197969
651 _aColombia
_xConstitución
_9197970
942 _2ddc
_cBK
999 _c113975
_d113975